00644nam a2200169 a 450000100100000000500170001000800410002704000250006808200190009311000630011224500550017526000740023030000350030465000410033965100420038070000520042200004586720240229073938.0150525s1949 dr ac 000 0 spa d aDO-SdBNPbspacBNPHU a353.035bR426m1 aRepública Dominicana.bPresidente (1930-1961 : Trujillo)10aMessage to the congress of the Dominican Republic. aCiudad Trujillo, República Dominicana :bEditora del Caribe,c1949. a16 p. :bil., retrs. ;c23 cm. 4aPresidentezEstados UnidosxMensajes 4aEstados UnidosxPolítica Y Gobierno12aTrujillo Molina, Rafael Leónidas,d 1891-1961